[Event "Canadian op"]
[Site "Montreal"]
[Date "2008.07.22"]
[Round "4"]
[White "Kiran, Manisha Mohanty"]
[Black "Lachaux, Jerome"]
[Result "1-0"]
[WhiteElo "2261"]
[BlackElo "2075"]
[PlyCount "35"]
[EventDate "2008.07.19"]
[EventType "swiss"]
[EventRounds "9"]
[EventCountry "CAN"]
[SourceTitle "CBM 125 Extra"]
[Source "ChessBase"]
[SourceDate "2008.09.01"]
[SourceVersion "1"]
[SourceVersionDate "2008.09.01"]
[SourceQuality "1"]

1. e4 d5 2. exd5 Nf6 3. d4 Bg4 4. Nf3 Qxd5 5. Be2 Nc6 6. Be3 0-0-0 7. Nbd2 Qh5 8. c4 e6 9. h3 Bb4 10. 0-0 Bxd2 11. Qxd2 e5 12. d5 e4 13. Nd4 Ne5 14. hxg4 Nexg4 15. Bf4 g5 16. Bg3 e3 17. fxe3 Ne4 18. Qd1 1-0

[Event "Tatry op"]
[Site "Tatranske Zruby"]
[Date "2005.09.11"]
[Round "2"]
[White "Lachaux, Jerome"]
[Black "Profant, Tibor"]
[Result "1/2-1/2"]
[WhiteElo "2084"]
[BlackElo "2222"]
[PlyCount "60"]
[EventDate "2005.09.10"]
[EventType "swiss"]
[EventRounds "9"]
[EventCountry "SVK"]
[SourceTitle "CBM 108 Extra"]
[Source "ChessBase"]
[SourceDate "2005.11.04"]
[SourceVersion "1"]
[SourceVersionDate "2005.11.04"]
[SourceQuality "1"]

1. e4 c6 2. d4 d5 3. Nc3 b5 4. a3 a6 5. Nf3 Bg4 6. Be2 e6 7. 0-0 Nf6 8. Ne5 Bxe2 9. Qxe2 dxe4 10. Rd1 Be7 11. Nxe4 Nxe4 12. Qxe4 Qd5 13. Qxd5 cxd5 14. Bd2 f6 15. Nd3 Nc6 16. c3 a5 17. Re1 Kf7 18. Nf4 Nd8 19. Re2 Bd6 20. Rae1 Bxf4 21. Bxf4 a4 22. Bd6 Re8 23. Rb1 Rc8 24. f4 Rc4 25. Kf2 Nc6 26. Rbe1 g6 27. g4 Na5 28. Bb4 Nb3 29. Kf3 Rcc8 30. h4 h6 1/2-1/2

[Event "Bergen Sommer op"]
[Site "Bergen"]
[Date "2000.07.29"]
[Round "9"]
[White "Flaata, Alexander R"]
[Black "Lachaux, Jerome"]
[Result "1-0"]
[WhiteElo "2099"]
[BlackElo "2035"]
[PlyCount "83"]
[EventDate "2000.07.21"]
[EventType "swiss"]
[EventRounds "9"]
[EventCountry "NOR"]
[SourceTitle "CBM 077 Extra"]
[Source "ChessBase"]
[SourceDate "2000.09.14"]
[SourceVersion "1"]
[SourceVersionDate "2000.09.14"]
[SourceQuality "1"]

1. e4 d5 2. exd5 Nf6 3. d4 Bg4 4. f3 Bf5 5. Bb5+ Nbd7 6. c4 e6 7. dxe6 Bxe6 8. Nd2 c6 9. Ba4 Nb6 10. Ne2 Nxc4 11. Nxc4 Bxc4 12. 0-0 Be7 13. Be3 0-0 14. Bc2 Nd5 15. Bf2 Ba6 16. Re1 Bd6 17. Nc3 Qc7 18. g3 Ne7 19. Rc1 Qd7 20. Ne4 Nd5 21. Nc5 Bxc5 22. dxc5 Rfe8 23. Qd4 Qh3 24. Re4 Rxe4 25. Bxe4 Nf6 26. Rd1 Re8 27. Be3 Nxe4 28. Qxe4 Qc8 29. Qf4 h6 30. Kf2 Qe6 31. b3 g5 32. Qd4 Qh3 33. Rh1 Qf5 34. Rd1 Qc2+ 35. Rd2 Qb1 36. Rd1 Qxa2+ 37. Bd2 Qxb3 38. Bc3 Qc2+ 39. Rd2 Re2+ 40. Kg1 Qc1+ 41. Rd1 Re1+ 42. Bxe1 1-0

[Event "Bergen Sommer op"]
[Site "Bergen"]
[Date "2000.07.26"]
[Round "6"]
[White "Lachaux, Jerome"]
[Black "Gabrielsen, Stig"]
[Result "1-0"]
[WhiteElo "2035"]
[BlackElo "2305"]
[PlyCount "79"]
[EventDate "2000.07.21"]
[EventType "swiss"]
[EventRounds "9"]
[EventCountry "NOR"]
[SourceTitle "CBM 077 Extra"]
[Source "ChessBase"]
[SourceDate "2000.09.14"]
[SourceVersion "1"]
[SourceVersionDate "2000.09.14"]
[SourceQuality "1"]

1. e4 c5 2. d4 cxd4 3. c3 dxc3 4. Nxc3 Nc6 5. Nf3 d6 6. Bc4 a6 7. 0-0 Nf6 8. h3 e6 9. Qe2 Be7 10. Rd1 Qc7 11. Bf4 0-0 12. Rac1 Bd7 13. e5 dxe5 14. Nxe5 Nxe5 15. Bxe5 Qc8 16. Ne4 Bc6 17. Nxf6+ gxf6 18. Qg4+ Kh8 19. Qh4 fxe5 20. Qxe7 Rg8 21. Qf6+ Rg7 22. Rc3 Kg8 23. Rcd3 Be8 24. Rd8 Qc6 25. Bf1 Rxd8 26. Rxd8 Kf8 27. Qxe5 Rg6 28. Rd3 Ke7 29. Rc3 Qd5 30. Rc7+ Bd7 31. Qxd5 exd5 32. Rxb7 d4 33. Ra7 Rb6 34. b3 Kd6 35. Rxa6 Rxa6 36. Bxa6 Kc5 37. a3 Bf5 38. Kf1 d3 39. Ke1 Kd4 40. Kd2 1-0

[Event "Bergen Sommer op"]
[Site "Bergen"]
[Date "2000.07.25"]
[Round "5"]
[White "Lachaux, Jerome"]
[Black "Budraitis, Audrius"]
[Result "0-1"]
[WhiteElo "2035"]
[BlackElo "2274"]
[PlyCount "92"]
[EventDate "2000.07.21"]
[EventType "swiss"]
[EventRounds "9"]
[EventCountry "NOR"]
[SourceTitle "CBM 077 Extra"]
[Source "ChessBase"]
[SourceDate "2000.09.14"]
[SourceVersion "1"]
[SourceVersionDate "2000.09.14"]
[SourceQuality "1"]

1. e4 e6 2. d4 d5 3. Be3 dxe4 4. Nd2 Nf6 5. f3 Nd5 6. Qe2 Nc6 7. c3 exf3 8. Ngxf3 b6 9. Qf2 Nxe3 10. Qxe3 a6 11. Bd3 Bb7 12. 0-0 Be7 13. Ne4 h6 14. Rad1 0-0 15. Ng3 Qd7 16. Kh1 Rae8 17. Rde1 Bd6 18. Ne4 f5 19. Ned2 b5 20. Bc2 Na5 21. b4 Bxf3 22. Qxf3 Nc4 23. Nxc4 bxc4 24. Qe2 Qd8 25. Qh5 Qg5 26. Qxg5 hxg5 27. Ba4 Re7 28. Bc6 Kf7 29. d5 Kf6 30. Rxe6+ Rxe6 31. dxe6 Kxe6 32. Re1+ Be5 33. Kg1 Rd8 34. Kf2 Kf6 35. Bb7 Rd6 36. g3 Bxc3 37. Rc1 Bxb4 38. Rxc4 c5 39. Rc2 a5 40. Bf3 a4 41. Ke3 Rd4 42. Be2 g4 43. Bf1 g5 44. h3 f4+ 45. Kf2 gxh3 46. Bxh3 Rd3 0-1